[Event "GER-ch Amateurs"]
[Site "Bad Wildungen"]
[Date "2024.??.??"]
[Round "4"]
[White "Doeding, Alexander"]
[Black "Kellner, Rene"]
[Result "1/2-1/2"]
[WhiteElo "1588"]
[BlackElo "1734"]
[PlyCount "68"]
[EventDate "2024.08.03"]
[EventType "swiss"]
[EventRounds "5"]
[EventCountry "GER"]
[SourceTitle "CBM 221 Extra"]
[Source "ChessBase"]
[SourceDate "2024.09.30"]
[SourceVersion "1"]
[SourceVersionDate "2024.09.30"]
[SourceQuality "1"]

1. e4 c6 2. d4 d5 3. exd5 cxd5 4. Nf3 Nc6 5. Bb5 Bd7 6. Bxc6 bxc6 7. Ne5 Nf6 8. c3 e6 9. 0-0 Be7 10. Bf4 Qb6 11. Qc2 0-0 12. Nd2 c5 13. Bg5 Rfd8 14. Nxd7 Rxd7 15. Nf3 cxd4 16. Nxd4 Rc8 17. Qa4 Rb7 18. Nb3 Ne4 19. Bf4 Bd6 20. Be3 Qc7 21. g3 Qe7 22. Qa6 Nc5 23. Bxc5 Bxc5 24. Qd3 Bb6 25. Rfe1 Qf6 26. Re2 Rbc7 27. Rae1 Rc4 28. Nd2 Rg4 29. Nf3 h5 30. Ne5 Rg5 31. Nd7 Qh6 32. Nxb6 axb6 33. Qa6 Rf8 34. Qxb6 Rb8 1/2-1/2

[Event "GER-ch Amateurs"]
[Site "Bad Wildungen"]
[Date "2024.??.??"]
[Round "5"]
[White "Kellner, Rene"]
[Black "Marx, Christina"]
[Result "1-0"]
[WhiteElo "1734"]
[BlackElo "1660"]
[PlyCount "89"]
[EventDate "2024.08.03"]
[EventType "swiss"]
[EventRounds "5"]
[EventCountry "GER"]
[SourceTitle "CBM 221 Extra"]
[Source "ChessBase"]
[SourceDate "2024.09.30"]
[SourceVersion "1"]
[SourceVersionDate "2024.09.30"]
[SourceQuality "1"]

1. c4 Nf6 2. Nc3 e6 3. d4 d5 4. Nf3 Bb4 5. Bd2 0-0 6. e3 c5 7. cxd5 cxd4 8. Nxd4 Nxd5 9. Nxd5 Bxd2+ 10. Qxd2 Qxd5 11. Nb5 Qxd2+ 12. Kxd2 Nd7 13. Be2 Nf6 14. Rhd1 Bd7 15. Ke1 Bc6 16. Kf1 Nd5 17. Rac1 g6 18. Nd4 Bd7 19. Bf3 Rac8 20. Bxd5 exd5 21. Ke1 Rfe8 22. Kd2 Rxc1 23. Rxc1 Rc8 24. Rxc8+ Bxc8 25. Kc3 Kf8 26. Kb4 Ke7 27. Kc5 Be6 28. Nb5 a6 29. Nc3 Kd7 30. Nxd5 Bxd5 31. Kxd5 b6 32. Ke5 Ke7 33. e4 f6+ 34. Kd5 Kd7 35. f4 h6 36. e5 f5 37. a4 g5 38. e6+ Ke7 39. Ke5 b5 40. axb5 axb5 41. b4 gxf4 42. Kxf5 h5 43. h4 f3 44. gxf3 Kf8 45. Kf6 1-0

[Event "Brno op"]
[Site "Brno"]
[Date "2022.11.12"]
[Round "1"]
[White "Szkoludek, Sebastian"]
[Black "Kellner, Rene"]
[Result "1-0"]
[WhiteElo "2003"]
[BlackElo "1538"]
[PlyCount "39"]
[EventDate "2022.11.12"]
[EventType "swiss"]
[EventRounds "9"]
[EventCountry "CZE"]
[SourceTitle "CBM 211 Extra"]
[Source "ChessBase"]
[SourceDate "2023.01.31"]
[SourceVersion "1"]
[SourceVersionDate "2023.01.31"]
[SourceQuality "1"]

1. d4 d5 2. c4 c6 3. Nf3 Nf6 4. g3 dxc4 5. Bg2 Bf5 6. 0-0 e6 7. Ne5 Nbd7 8. Nxc4 Be7 9. Nc3 0-0 10. e4 Bg6 11. Bf4 Nb6 12. Ne5 c5 13. dxc5 Bxc5 14. Qe2 Qe7 15. Nxg6 hxg6 16. Rac1 Rac8 17. a3 Rfd8 18. Bg5 e5 19. Bh3 Rc7 20. Nb5 1-0

[Event "Bremen Silvester op"]
[Site "Bremen"]
[Date "2021.12.29"]
[Round "5"]
[White "Kellner, Rene"]
[Black "Knappe, Stefan"]
[Result "1-0"]
[WhiteElo "1548"]
[BlackElo "1884"]
[PlyCount "23"]
[EventDate "2021.12.21"]
[EventType "swiss"]
[EventRounds "7"]
[EventCountry "GER"]
[SourceTitle "CBM 205 Extra"]
[Source "ChessBase"]
[SourceDate "2022.01.31"]
[SourceVersion "1"]
[SourceVersionDate "2022.01.31"]
[SourceQuality "1"]

1. c4 Nc6 2. Nc3 e5 3. g3 Nf6 4. Bg2 Bc5 5. Nf3 d5 6. cxd5 Nxd5 7. 0-0 0-0 8. Qc2 Be6 9. Nxd5 Qxd5 10. Ng5 Qxg2+ 11. Kxg2 Bd5+ 12. f3 1-0

[Event "Bremen Silvester op"]
[Site "Bremen"]
[Date "2021.12.29"]
[Round "6"]
[White "Monnerjahn, Lukas"]
[Black "Kellner, Rene"]
[Result "1-0"]
[WhiteElo "1786"]
[BlackElo "1548"]
[PlyCount "99"]
[EventDate "2021.12.21"]
[EventType "swiss"]
[EventRounds "7"]
[EventCountry "GER"]
[SourceTitle "CBM 205 Extra"]
[Source "ChessBase"]
[SourceDate "2022.01.31"]
[SourceVersion "1"]
[SourceVersionDate "2022.01.31"]
[SourceQuality "1"]

1. d4 d5 2. Nf3 c6 3. c4 Nf6 4. Nc3 Bg4 5. Ne5 Bf5 6. Qb3 Qb6 7. Qxb6 axb6 8. cxd5 Nxd5 9. Nxd5 cxd5 10. e3 f6 11. Bb5+ Nd7 12. Nd3 Bxd3 13. Bxd3 e6 14. Bd2 Bd6 15. 0-0 0-0 16. Bb5 Rfd8 17. a3 Nf8 18. f3 Rac8 19. Rac1 Kf7 20. Rfd1 Ke7 21. Be1 Rxc1 22. Rxc1 Ra8 23. Kf1 Kd8 24. g3 Rc8 25. Bc3 Nd7 26. Bd3 Nf8 27. Ke2 g6 28. Rg1 Rc7 29. Bd2 Rc8 30. h4 Rc7 31. g4 Rf7 32. e4 dxe4 33. fxe4 Kc8 34. Rc1+ Rc7 35. Rf1 Rf7 36. Bc4 Bg3 37. Bg5 f5 38. gxf5 gxf5 39. h5 Bd6 40. Bh6 Kd7 41. Bd3 Rf6 42. Bg5 Rf7 43. exf5 exf5 44. Rxf5 Rg7 45. d5 Be7 46. Bh6 Rg8 47. Kf3 Kd6 48. Bf4+ Kd7 49. Bc4 Bd6 50. Rf7+ 1-0

[Event "Pardubice Czech op-C 32nd"]
[Site "Pardubice"]
[Date "2021.07.30"]
[Round "8"]
[White "Solodko, Mykola"]
[Black "Kellner, Rene"]
[Result "1/2-1/2"]
[WhiteElo "1202"]
[BlackElo "1568"]
[PlyCount "108"]
[EventDate "2021.07.24"]
[EventType "swiss"]
[EventRounds "9"]
[EventCountry "CZE"]
[SourceTitle "EXT 2022"]
[Source "ChessBase"]
[SourceDate "2021.10.06"]
[SourceVersion "1"]
[SourceVersionDate "2021.10.06"]
[SourceQuality "1"]

1. d4 d5 2. c4 c6 3. Nc3 Nf6 4. e3 Bf5 5. Nf3 Nbd7 6. cxd5 cxd5 7. Qb3 Qb6 8. Nxd5 Nxd5 9. Qxd5 e6 10. Qb5 Bb4+ 11. Bd2 Bxd2+ 12. Nxd2 Qc7 13. Qc4 Rc8 14. Rc1 Qxc4 15. Rxc4 Rxc4 16. Bxc4 Ke7 17. Ke2 Rc8 18. Bd3 Bxd3+ 19. Kxd3 Nb6 20. b3 Nd5 21. Ne4 Nb4+ 22. Ke2 Rc2+ 23. Nd2 Rxa2 24. Rc1 Rc2 25. Rxc2 Nxc2 26. Kd3 Ne1+ 27. Ke2 Nxg2 28. Nf3 g5 29. Nxg5 Nh4 30. Ne4 Nf5 31. Nc5 b6 32. Na4 Kd6 33. Kd3 Kc6 34. Nc3 a5 35. Ne4 h6 36. Kc4 b5+ 37. Kc3 Nh4 38. Nf6 Nf3 39. h3 Ng1 40. h4 Nh3 41. Ng4 h5 42. Nf6 Nxf2 43. Nxh5 Ng4 44. e4 f5 45. e5 Nh6 46. Nf4 Ng4 47. Nxe6 a4 48. bxa4 bxa4 49. Kb4 Kd5 50. Nf4+ Kxd4 51. e6 Nf6 52. e7 Ke5 53. Nh5 Nd5+ 54. Kxa4 Nxe7 1/2-1/2

[Event "GER-ch Net blitz qual3"]
[Site "Playchess.com INT"]
[Date "2021.05.07"]
[Round "5"]
[White "Kellner, Rene"]
[Black "Beck, Arno"]
[Result "0-1"]
[WhiteElo "1434"]
[BlackElo "1285"]
[PlyCount "48"]
[EventDate "2021.05.07"]
[EventType "swiss (blitz)"]
[EventRounds "11"]
[EventCountry "GER"]
[SourceTitle "CBM 202 Extra"]
[Source "ChessBase"]
[SourceDate "2021.07.31"]
[SourceVersion "1"]
[SourceVersionDate "2021.07.31"]
[SourceQuality "1"]

1. e4 e5 2. Nf3 Nc6 3. d4 d6 4. dxe5 dxe5 5. Qxd8+ Nxd8 6. Nxe5 Bb4+ 7. c3 Bd6 8. Nc4 Bd7 9. Nbd2 Bc5 10. Be2 b5 11. Ne3 Bxe3 12. fxe3 Ne7 13. 0-0 0-0 14. Nb3 Ng6 15. c4 c6 16. cxb5 cxb5 17. Bd2 Ne5 18. Bb4 Re8 19. Rad1 Rc8 20. Nd4 f6 21. Nxb5 Bxb5 22. Bxb5 Re6 23. Rc1 Rb8 24. Be2 Rxb4 0-1

[Event "GER-ch Net blitz qual3"]
[Site "Playchess.com INT"]
[Date "2021.05.07"]
[Round "3"]
[White "Kellner, Rene"]
[Black "Schmidt, Niko"]
[Result "0-1"]
[WhiteElo "1434"]
[BlackElo "1672"]
[PlyCount "56"]
[EventDate "2021.05.07"]
[EventType "swiss (blitz)"]
[EventRounds "11"]
[EventCountry "GER"]
[SourceTitle "CBM 202 Extra"]
[Source "ChessBase"]
[SourceDate "2021.07.31"]
[SourceVersion "1"]
[SourceVersionDate "2021.07.31"]
[SourceQuality "1"]

1. e4 c5 2. f4 Nc6 3. Nc3 g6 4. Nf3 Bg7 5. Bb5 e6 6. d3 Nge7 7. 0-0 Nd4 8. Nxd4 cxd4 9. Ne2 0-0 10. f5 exf5 11. exf5 Nxf5 12. Qe1 a6 13. Bc4 d5 14. Bb3 b6 15. Nf4 Bb7 16. Qf2 Re8 17. g4 Ne3 18. Re1 Nxg4 19. Qg3 Rxe1+ 20. Qxe1 Qc7 21. Qg3 Nf6 22. Bd2 Re8 23. Rf1 b5 24. a4 Qd7 25. axb5 Qxb5 26. Qf3 a5 27. Ne2 a4 28. Nxd4 Qb6 0-1

[Event "GER-ch Net blitz qual3"]
[Site "Playchess.com INT"]
[Date "2021.05.07"]
[Round "9"]
[White "Reiss, Peter"]
[Black "Kellner, Rene"]
[Result "0-1"]
[WhiteElo "1377"]
[BlackElo "1434"]
[PlyCount "46"]
[EventDate "2021.05.07"]
[EventType "swiss (blitz)"]
[EventRounds "11"]
[EventCountry "GER"]
[SourceTitle "CBM 202 Extra"]
[Source "ChessBase"]
[SourceDate "2021.07.31"]
[SourceVersion "1"]
[SourceVersionDate "2021.07.31"]
[SourceQuality "1"]

1. d4 d5 2. c4 c6 3. Nf3 Nf6 4. Nc3 Bg4 5. Ne5 Bf5 6. Qb3 Qc7 7. cxd5 cxd5 8. e3 e6 9. Bb5+ Nc6 10. Bxc6+ bxc6 11. 0-0 Bd6 12. Nf3 0-0 13. Bd2 Rab8 14. Qd1 Bg4 15. b3 Ne4 16. Rc1 Bxh2+ 17. Kh1 Bd6 18. Na4 Nxd2 19. Qxd2 Bxf3 20. gxf3 f5 21. Qc3 Qf7 22. Qxc6 Qh5+ 23. Kg1 Qh2# 0-1

[Event "GER-ch Net blitz qual2"]
[Site "Playchess.com INT"]
[Date "2021.05.04"]
[Round "1"]
[White "Melde, Volker"]
[Black "Kellner, Rene"]
[Result "1-0"]
[WhiteElo "1833"]
[BlackElo "1463"]
[PlyCount "65"]
[EventDate "2021.05.04"]
[EventType "swiss (blitz)"]
[EventRounds "11"]
[EventCountry "GER"]
[SourceTitle "CBM 202 Extra"]
[Source "ChessBase"]
[SourceDate "2021.07.31"]
[SourceVersion "1"]
[SourceVersionDate "2021.07.31"]
[SourceQuality "1"]

1. d4 d5 2. Nf3 c6 3. c4 Nf6 4. cxd5 cxd5 5. Nc3 Bf5 6. Qb3 Qd7 7. Ne5 Qc8 8. e3 e6 9. Bb5+ Nbd7 10. 0-0 Be7 11. f3 0-0 12. g4 Bg6 13. h4 h6 14. Nxg6 fxg6 15. Bd3 Nh7 16. Bxg6 Bxh4 17. Qc2 Ng5 18. Kg2 Qc4 19. f4 Ne4 20. Bxe4 dxe4 21. Qxe4 Nf6 22. Qf3 Rae8 23. Bd2 Qd3 24. Qe2 Qg6 25. Rab1 Nxg4 26. Kh3 h5 27. Rg1 Qf6 28. Rxg4 hxg4+ 29. Qxg4 Bf2 30. Ne4 Qh6+ 31. Kg2 Bh4 32. Rh1 g5 33. Nxg5 1-0

[Event "GER Cup Net V4 U2000"]
[Site "Playchess.com INT"]
[Date "2020.05.31"]
[Round "6"]
[White "Kellner, Rene"]
[Black "Friemel, Reinhard"]
[Result "1/2-1/2"]
[WhiteElo "1424"]
[BlackElo "1643"]
[PlyCount "138"]
[EventDate "2020.05.31"]
[EventType "swiss (blitz)"]
[EventRounds "9"]
[EventCountry "GER"]
[SourceTitle "EXT 2021"]
[Source "ChessBase"]
[SourceDate "2020.10.23"]
[SourceVersion "1"]
[SourceVersionDate "2020.10.23"]
[SourceQuality "1"]

1. e4 e6 2. d4 d5 3. Nd2 Nf6 4. Bd3 c5 5. c3 cxd4 6. cxd4 Nc6 7. Ne2 Bb4 8. e5 Nd7 9. 0-0 g6 10. Nb3 a5 11. a3 Bf8 12. Ng3 a4 13. Nc5 Nxc5 14. dxc5 Bxc5 15. Re1 Qc7 16. Bh6 Bd7 17. Bg7 Rg8 18. Bf6 Be7 19. Rc1 Bxf6 20. exf6 Qa5 21. Qe2 0-0-0 22. Nf1 Kb8 23. Ne3 Nd4 24. Qg4 e5 25. Qd1 e4 26. Bf1 Nb3 27. Rc3 d4 28. Nc4 Qd5 29. Rc2 Bc6 30. Nb6 Qg5 31. Nc4 e3 32. fxe3 dxe3 33. Qe2 Nd2 34. Qxe3 Qxe3+ 35. Rxe3 Nxc4 36. Rxc4 Rd1 37. Kf2 Bb5 38. Rb4 Rxf1+ 39. Kg3 Rxf6 40. Rxb5 Rc8 41. Re7 b6 42. Ree5 Rfc6 43. Re3 R8c7 44. Rb4 Kb7 45. Rxa4 f5 46. Rb4 Rc5 47. Rf3 Rd5 48. h3 Rcc5 49. Rbb3 Kc6 50. Rb4 b5 51. Rfb3 Rc4 52. Rxc4+ bxc4 53. Rc3 Rd3+ 54. Kf2 Rxc3 55. bxc3 Kb5 56. Ke3 Ka4 57. Kd4 g5 58. Kxc4 h5 59. Kd5 f4 60. c4 g4 61. hxg4 hxg4 62. c5 f3 63. gxf3 gxf3 64. c6 f2 65. c7 f1Q 66. c8Q Qf3+ 67. Kd4 Qxa3 68. Qa8+ Kb3 69. Qxa3+ Kxa3 1/2-1/2

[Event "GER Cup Net V3 U2000"]
[Site "Playchess.com INT"]
[Date "2020.05.27"]
[Round "3"]
[White "Berberich, Christoph"]
[Black "Kellner, Rene"]
[Result "1-0"]
[WhiteElo "1720"]
[BlackElo "1404"]
[PlyCount "33"]
[EventDate "2020.05.27"]
[EventType "swiss (blitz)"]
[EventRounds "9"]
[EventCountry "GER"]
[SourceTitle "EXT 2021"]
[Source "ChessBase"]
[SourceDate "2020.10.23"]
[SourceVersion "1"]
[SourceVersionDate "2020.10.23"]
[SourceQuality "1"]

1. d4 Nf6 2. Nf3 g6 3. c4 Bg7 4. Nc3 0-0 5. e4 d6 6. Be2 Nbd7 7. 0-0 e5 8. Qc2 exd4 9. Nxd4 Nc5 10. Be3 a5 11. f3 Ne8 12. Rfd1 f5 13. exf5 Bxf5 14. Nxf5 Rxf5 15. g4 Rf8 16. Bxc5 Qh4 17. Bf2 1-0

[Event "GER Cup Net V2 U2000"]
[Site "Playchess.com INT"]
[Date "2020.05.22"]
[Round "3"]
[White "Berberich, Christoph"]
[Black "Kellner, Rene"]
[Result "1-0"]
[WhiteElo "1716"]
[BlackElo "1456"]
[PlyCount "31"]
[EventDate "2020.05.22"]
[EventType "swiss (blitz)"]
[EventRounds "9"]
[EventCountry "GER"]
[SourceTitle "EXT 2021"]
[Source "ChessBase"]
[SourceDate "2020.10.23"]
[SourceVersion "1"]
[SourceVersionDate "2020.10.23"]
[SourceQuality "1"]

1. d4 Nf6 2. Nf3 g6 3. c4 Bg7 4. Nc3 0-0 5. e4 d6 6. Be2 Nbd7 7. 0-0 e5 8. Qc2 exd4 9. Nxd4 Re8 10. Be3 Nc5 11. f3 a5 12. Rfd1 Nfd7 13. Ncb5 Ne6 14. Rac1 Qe7 15. Nxe6 fxe6 16. Nxc7 1-0

[Event "GER Cup Net V2 U2000"]
[Site "Playchess.com INT"]
[Date "2020.05.22"]
[Round "1"]
[White "Rost, Detlef"]
[Black "Kellner, Rene"]
[Result "1-0"]
[WhiteElo "1728"]
[BlackElo "1456"]
[PlyCount "109"]
[EventDate "2020.05.22"]
[EventType "swiss (blitz)"]
[EventRounds "9"]
[EventCountry "GER"]
[SourceTitle "EXT 2021"]
[Source "ChessBase"]
[SourceDate "2020.10.23"]
[SourceVersion "1"]
[SourceVersionDate "2020.10.23"]
[SourceQuality "1"]

1. d4 Nf6 2. c4 g6 3. Nc3 Bg7 4. e4 d6 5. Be2 0-0 6. Bg5 Nbd7 7. Qd2 e5 8. d5 Qe8 9. h3 Nc5 10. Bd3 a6 11. Nf3 a5 12. 0-0 Nh5 13. Be2 f5 14. exf5 Bxf5 15. g4 Ne4 16. Nxe4 Bxe4 17. Qe3 Bxf3 18. Bxf3 Nf4 19. Bg2 Nxg2 20. Kxg2 Qd7 21. Rae1 Rf7 22. Qd2 Raf8 23. f3 Qa4 24. b3 Qd7 25. Re4 h5 26. Qe2 b6 27. f4 hxg4 28. hxg4 exf4 29. Rexf4 Rxf4 30. Rxf4 Rxf4 31. Bxf4 Kh7 32. Kh3 Bh6 33. Qe4 Bxf4 34. Qxf4 Qe7 35. g5 Kg7 36. Qd4+ Kh7 37. Qf6 Qe3+ 38. Kg4 Qe4+ 39. Qf4 Qe7 40. Qf6 Qe4+ 41. Qf4 Qe2+ 42. Kh4 Qxa2 43. Qf7+ Kh8 44. Qf8+ Kh7 45. Qh6+ Kg8 46. Qxg6+ Kf8 47. Qf6+ Kg8 48. g6 Qh2+ 49. Kg5 Qg3+ 50. Kf5 Qf3+ 51. Ke6 Qe4+ 52. Kd7 Qg4+ 53. Kxc7 Qe4 54. Qf7+ Kh8 55. Qh7# 1-0

[Event "GER Cup Net V2 U2000"]
[Site "Playchess.com INT"]
[Date "2020.05.22"]
[Round "5"]
[White "Thielscher, Rene"]
[Black "Kellner, Rene"]
[Result "1-0"]
[WhiteElo "1543"]
[BlackElo "1456"]
[PlyCount "75"]
[EventDate "2020.05.22"]
[EventType "swiss (blitz)"]
[EventRounds "9"]
[EventCountry "GER"]
[SourceTitle "EXT 2021"]
[Source "ChessBase"]
[SourceDate "2020.10.23"]
[SourceVersion "1"]
[SourceVersionDate "2020.10.23"]
[SourceQuality "1"]

1. e4 c6 2. d4 d5 3. exd5 cxd5 4. Bd3 Nf6 5. Ne2 Nc6 6. Bg5 e6 7. a3 Be7 8. 0-0 0-0 9. b4 a6 10. c3 h6 11. Bh4 Re8 12. Nd2 Bd7 13. Nb3 Rc8 14. Rc1 Ne4 15. Bxe7 Qxe7 16. Nc5 Rb8 17. Nxe4 dxe4 18. Bxe4 Rbd8 19. Bb1 e5 20. Ng3 exd4 21. cxd4 Qg5 22. Qc2 g6 23. Rce1 Nxd4 24. Rxe8+ Rxe8 25. Qb2 Nc6 26. Rd1 Be6 27. a4 h5 28. b5 axb5 29. axb5 Ne5 30. Qb4 h4 31. f4 Qg4 32. Re1 Nf3+ 33. gxf3 Qxf3 34. Ne4 h3 35. Nf6+ Kg7 36. Qb2 Bd5 37. Nxd5+ Kg8 38. Nf6+ 1-0

[Event "GER-ch Net Amateur Gr-B Vor2"]
[Site "Playchess.com INT"]
[Date "2020.04.15"]
[Round "7"]
[White "Bieler, Janek"]
[Black "Kellner, Rene"]
[Result "1-0"]
[WhiteElo "1769"]
[BlackElo "1502"]
[PlyCount "41"]
[EventDate "2020.04.15"]
[EventType "swiss (blitz)"]
[EventRounds "9"]
[EventCountry "GER"]
[SourceTitle "CBM 196 Extra"]
[Source "ChessBase"]
[SourceDate "2020.07.31"]
[SourceVersion "1"]
[SourceVersionDate "2020.07.31"]
[SourceQuality "1"]

1. d4 Nf6 2. c4 g6 3. Nf3 Bg7 4. g3 d6 5. Bg2 0-0 6. Nc3 Na6 7. 0-0 c5 8. e4 cxd4 9. Nxd4 Nc5 10. Qc2 a5 11. b3 Rb8 12. Bb2 b6 13. Nc6 Qc7 14. Nxb8 Qxb8 15. Nd5 Re8 16. Nxf6+ exf6 17. Rad1 Bb7 18. f3 f5 19. Bxg7 Kxg7 20. exf5 gxf5 21. Qxf5 1-0

[Event "GER-ch Net Amateur Gr-B Vor2"]
[Site "Playchess.com INT"]
[Date "2020.04.15"]
[Round "5"]
[White "Emig, Nils"]
[Black "Kellner, Rene"]
[Result "1-0"]
[WhiteElo "1697"]
[BlackElo "1486"]
[PlyCount "143"]
[EventDate "2020.04.15"]
[EventType "swiss (blitz)"]
[EventRounds "9"]
[EventCountry "GER"]
[SourceTitle "CBM 196 Extra"]
[Source "ChessBase"]
[SourceDate "2020.07.31"]
[SourceVersion "1"]
[SourceVersionDate "2020.07.31"]
[SourceQuality "1"]

1. e4 c6 2. d4 d5 3. Nc3 dxe4 4. Nxe4 Bf5 5. Ng3 Bg6 6. h4 h6 7. h5 Bh7 8. Nf3 Nd7 9. Bd3 Bxd3 10. Qxd3 Ngf6 11. Be3 e6 12. 0-0-0 Bd6 13. Ne4 Nxe4 14. Qxe4 Nf6 15. Qd3 Qc7 16. Kb1 0-0-0 17. Nd2 Ng4 18. Nc4 Nxe3 19. fxe3 Be7 20. Ne5 Rhf8 21. Rhf1 Bd6 22. Nc4 c5 23. Nxd6+ Rxd6 24. Qa3 cxd4 25. Qxa7 Qb8 26. Qc5+ Qc7 27. Qxc7+ Kxc7 28. exd4 f6 29. c3 Rfd8 30. Rde1 Kd7 31. Rf3 Rd5 32. g4 Rg5 33. Rf4 Re8 34. Rfe4 e5 35. dxe5 Rexe5 36. Rxe5 fxe5 37. Re4 Kd6 38. c4 Kc5 39. b3 Kb4 40. Kb2 b5 41. a3+ Kc5 42. b4+ Kc6 43. Kc3 bxc4 44. Kxc4 g6 45. hxg6 Rxg6 46. a4 Kb6 47. Kd5 Rg5 48. Kc4 Rg6 49. a5+ Ka6 50. Kc5 Rg8 51. Rxe5 Rxg4 52. Re6+ Kb7 53. Rxh6 Rg5+ 54. Kc4 Rg4+ 55. Kb5 Rg5+ 56. Ka4 Rg4 57. Rh5 Rg1 58. Kb5 Rg6 59. Rd5 Rf6 60. Rh5 Rf7 61. Rh4 Rf5+ 62. Ka4 Rf6 63. b5 Rf1 64. a6+ Kb6 65. Rh6+ Ka7 66. Rh3 Ra1+ 67. Ra3 Rc1 68. Ka5 Rc5 69. Rf3 Rc1 70. Rf7+ Ka8 71. Kb6 Kb8 72. Rf8+ 1-0

[Event "GER-ch Net Amateur Gr-B Vor2"]
[Site "Playchess.com INT"]
[Date "2020.04.15"]
[Round "2"]
[White "Kellner, Rene"]
[Black "Weidenhoefer, Max"]
[Result "1-0"]
[WhiteElo "1434"]
[BlackElo "1603"]
[PlyCount "103"]
[EventDate "2020.04.15"]
[EventType "swiss (blitz)"]
[EventRounds "9"]
[EventCountry "GER"]
[SourceTitle "CBM 196 Extra"]
[Source "ChessBase"]
[SourceDate "2020.07.31"]
[SourceVersion "1"]
[SourceVersionDate "2020.07.31"]
[SourceQuality "1"]

1. e4 c6 2. d4 d5 3. Nd2 dxe4 4. Nxe4 Bf5 5. Bd3 e6 6. Nf3 Be7 7. 0-0 Nd7 8. Ng3 Bxd3 9. Qxd3 Ngf6 10. c3 0-0 11. Bf4 Nd5 12. Bd2 c5 13. Rad1 N7f6 14. Ne5 Qc7 15. Nf3 Rfd8 16. Qc2 Nb6 17. dxc5 Bxc5 18. Bg5 Nbd7 19. Rfe1 Be7 20. h3 h6 21. Be3 Nd5 22. Bd4 N7f6 23. Ne5 Bc5 24. Bxc5 Qxc5 25. Nd3 Qc6 26. Qb3 Rac8 27. Nb4 Nxb4 28. Qxb4 Nd5 29. Qg4 Qb6 30. Nh5 g6 31. Ng3 Kh7 32. Qf3 Kg7 33. Ne4 Qxb2 34. Rb1 Qxa2 35. Rxb7 Rf8 36. Nd6 Rxc3 37. Rxf7+ Rxf7 38. Qxf7+ Kh8 39. Ne8 Rc7 40. Qxg6 Qa5 41. Qxh6+ Kg8 42. Rf1 Rh7 43. Qxe6+ Kf8 44. Nf6 Ne7 45. Nxh7+ Ke8 46. Nf6+ Kf8 47. Rd1 Qb6 48. Re1 Qxe6 49. Rxe6 Kf7 50. Ra6 Nd5 51. Nxd5 Kg7 52. Rxa7+ 1-0

[Event "Berlin Lichtenberger op 18th"]
[Site "Berlin"]
[Date "2019.08.22"]
[Round "6"]
[White "Kellner, Rene"]
[Black "Lieder, Guenter"]
[Result "0-1"]
[WhiteElo "1700"]
[BlackElo "1815"]
[PlyCount "64"]
[EventDate "2019.08.17"]
[EventType "swiss"]
[EventRounds "9"]
[EventCountry "GER"]
[SourceTitle "EXT 2020"]
[Source "ChessBase"]
[SourceDate "2019.10.17"]
[SourceVersion "1"]
[SourceVersionDate "2019.10.17"]
[SourceQuality "1"]

1. e4 c5 2. Nc3 Nc6 3. f4 d6 4. Nf3 g6 5. d3 Bg7 6. Be2 e6 7. 0-0 Nf6 8. Qe1 a6 9. a3 b5 10. Bd2 Qb6 11. Kh1 Bb7 12. Na2 0-0 13. Qh4 Nd4 14. Nxd4 cxd4 15. f5 exf5 16. exf5 Nd5 17. Bh6 Bf6 18. Qh3 Rfe8 19. fxg6 hxg6 20. Rxf6 Nxf6 21. Qh4 Nh7 22. Bg5 Qc5 23. c3 Rab8 24. Rf1 Qd5 25. Bf3 Qxa2 26. Qxd4 f6 27. c4 Bxf3 28. gxf3 bxc4 29. Qd5+ Kh8 30. Qf7 Rg8 31. Re1 Rxb2 32. Bf4 cxd3 0-1